| 000 | 00862nas a2200277 a 4500 | ||
|---|---|---|---|
| 008 | 180812d19649999ja mr p 0 f0jpn | ||
| 040 |
_aEG-GiCUC _beng _cEG-GiCUC |
||
| 041 | 0 |
_ajpn _beng |
|
| 092 | 4 |
_a952.005 _bS481 _221 |
|
| 099 |
_a\4 _a952.005 S481 |
||
| 130 | 0 | _aセライ | |
| 245 | 0 | 0 | _asuper premium magazin =セライ |
| 246 | 1 | 7 | _aسراى = {u٣٠آآ}{u٣٠إ٩}{u٣٠ء٤} |
| 260 |
_ajapan _bshogakukan,1989- |
||
| 300 |
_av. : _bill. ; _c22 cm. |
||
| 310 | _amonthly | ||
| 362 | 1 | _aBegan in 1989. | |
| 546 | _aChiefly in Japanese; some also in English. | ||
| 590 | 0 | _alibrary has : | |
| 651 | 0 |
_ajapan _vPeriodicals. |
|
| 651 | 0 |
_aJapan _xManufactures _vPeriodicals. |
|
| 710 | 2 | _ashogakukan | |
| 905 |
_asozan _eCat. |
||
| 942 |
_2ddc _cBK |
||
| 999 |
_c150060 _d150060 |
||